000 01050nam a22002897a 4500
003 OSt
005 20250705095850.0
008 250409b |||||||| |||| 00| 0 eng d
020 _a9780323919098 (paperback)
040 _aNUST
_beng
_cNUST
_dNUST
_erda
050 _aQH450 HAN
245 _aHandbook of epigenetics :
_bthe new molecular and medical genetics /
_cedited by Trygve O. Tollefsbol.
250 _aThird edition.
260 _aLondon, United Kingdom :
_bAcademic Press, an imprint of Elsevier,
_c2023.
300 _axv, 902 pages :
_bIllustrations ;
_c28 cm.
336 _2rdamedia
_atext
_btxt
337 _2rdamedia
_aunmediated
_bn
338 _2rdamedia
_avolume
_bnc
504 _aIncludes bibliographical references and index.
650 _vEpigenetics.
650 _vGenetic regulation.
650 _vEpigenesis, Genetic.
650 _vEpigenomics -- methods.
650 _vGene Expression Regulation.
700 _aTollefsbol, Trygve O.
_eEditor
942 _2lcc
_cBOOKS
_eThird edition.
_hQH450 HAN
_kQH
_mHAN
_n0
999 _c171577
_d171577